Kes-kes Mahkamah dan Sinopsis bagi Kursus Pengambilan Balik Tanah dan Kursus Penilaian Untuk Pentadbir Tanah Daerah Jilid 3 (23.6.86 - 5.7.86)

Bibliographic Details
Format: Book
Subjects:

MARC

LEADER 00000cam a2200000 7i4500
001 0000006595
005 20000209.0
040 |a INS 
090 0 0 |a PTD3 
245 0 0 |a Kes-kes Mahkamah dan Sinopsis bagi Kursus Pengambilan Balik Tanah dan Kursus Penilaian Untuk Pentadbir Tanah Daerah Jilid 3 (23.6.86 - 5.7.86) 
650 0 0 |a Pentadbir Tanah Daerah 
999 |a PTD0000006   |b BOOK   |c Course Notes   |e Default branch